000 01600nam a2200313 a 4500
001 000046523
003 DO-SdBNP
005 20220613132910.0
007 ta
008 150821s2015 dr cd 000 0 spa d
020 _a9789945166859
040 _aDO-SdBNP
_bspa
_cBNPHU
082 4 _a631.62
_bS715r
_222
100 1 _aSosa Valerio, Ariosto Antonio
_92705
245 1 0 _aRiego por gravedad y drenaje de tierras agrícolas /
_cAriosto Antonio Sosa Valerio ; prólogo José Rafael Núñez Mármol.
260 _aSanto Domingo :
_bInstituto Politécnico Loyola,
_c2015.
300 _a192 p. :
_bil., gráfs., retrs. ;
_c23 cm.
505 0 _aRiego por gravedad --
_tAcondicionamiento del terreno para riego por superficie --
_t Capacidad de almacenaje de agua de los suelos --
_tManejo del Riego a nivel de finca --
_tMétodos de riego --
_t Riego por inundación --
_t Diseños de canales de suministro --
_tObjetivos--
_tDrenajes --
_t El saneamiento agrícola.
505 0 _aDeslizamiento superficial del agua --
_t Métodos de drenaje superficial --
_t Diseño de la red colectora --
_tDrenaje de tierras salinas y sódicas --
_tDrenaje de cultivo en secano--
_tReferencias.
590 _aInventariado, 2022/BT
590 _aLa biblioteca posee dos ejemplares auto biografiados
650 4 _aAbastecimiento de agua rural
_92708
650 4 _aAgua en agricultura
_zRepública Dominicana
_974508
650 4 _aRiego
_974509
650 4 _aTecnología agrícola
_974510
700 1 _aNúñez Mármol, José Rafael,
_epról.
_981746
910 _aValidado. Control de calidad MFF
942 _2ddc
_cLBS1
999 _c46012
_d46012